Statistics for Every Titanfall 2 Weapon

Click here to take the quiz!

General Stats

  • This quiz has been taken 117 times
  • The average score is 18 of 30

Answer Stats

Answer% Correct
Mastiff
84%
Kraber
82%
CAR
81%
Spitfire
80%
EVA-8
78%
R-201
77%
Flatline
70%
Wingman
70%
Double Take
68%
Volt
68%
L-STAR
65%
R-101
62%
Charge Rifle
61%
Devotion
61%
Mozambique
61%
R-97
55%
Cold War
54%
Hemlok
54%
Alternator
53%
Thunderbolt
53%
Wingman Elite
53%
Archer
51%
RE-45
51%
Softball
50%
Longbow
47%
EPG
45%
MGL
45%
P2016
45%
G2
35%
SMR
31%

Score Distribution

Percentile by Number Answered

Percent of People with Each Score

Your Score History

You have not taken this quiz